Отчет о командировке на свекловичные плантации Европейской России; Известия Томского Технологического Института [Известия ТТИ]; Т. 8, № 5

التفاصيل البيبلوغرافية
Parent link:Известия Томского Технологического Института [Известия ТТИ]/ Томский технологический институт (ТТИ).— , 1903-1925
Т. 8, № 5.— 1907
المؤلف الرئيسي: Лебедев С. В. Сергей Васильевич
الملخص:Заглавие с титульного листа
Электронная версия печатной публикации
اللغة:الروسية
منشور في: 1907
الموضوعات:
الوصول للمادة أونلاين:Черно-белая версия для предварительного просмотра
Цветная версия без потери качества
التنسيق: MixedMaterials الكتروني فصل الكتاب
KOHA link:https://koha.lib.tpu.ru/cgi-bin/koha/opac-detail.pl?biblionumber=158829

MARC

LEADER 00000nla2a2200000 4500
001 158829
005 20231031154739.0
035 |a (RuTPU)RU\TPU\book\172258 
035 |a RU\TPU\book\172256 
090 |a 158829 
100 |a 20090428d1907 k y0rusy50 ca 
101 0 |a rus 
102 |a RU 
135 |a drnn ---uucaa 
181 0 |a i  
182 0 |a b 
200 1 |a Отчет о командировке на свекловичные плантации Европейской России  |b Электронный ресурс  |f С. В. Лебедев 
203 |a Текст  |c электронный 
215 |a 2 файла (1.2 Мб, 30 Мб) 
230 |a Электронные текстовые данные (2 файла : 1.2 Мб, 30 Мб) 
300 |a Заглавие с титульного листа 
300 |a Электронная версия печатной публикации 
337 |a Adobe Reader 
461 1 |0 (RuTPU)RU\TPU\book\165999  |t Известия Томского Технологического Института [Известия ТТИ]  |f Томский технологический институт (ТТИ)  |d 1903-1925 
463 1 |0 (RuTPU)RU\TPU\book\172249  |t Т. 8, № 5  |d 1907  |p 218 с. 
610 1 |a электронный ресурс 
610 1 |a труды учёных ТПУ 
700 1 |a Лебедев  |b С. В.  |c российский химик-технолог питательных веществ  |c профессор Томского технологического института (1902-1930)  |f 1876-1938  |g Сергей Васильевич  |2 stltpush  |3 (RuTPU)RU\TPU\pers\19081 
801 1 |a RU  |b 63413507  |c 20090320  |g PSBO 
801 2 |a RU  |b 63413507  |c 20100809  |g PSBO 
856 4 |u http://www.lib.tpu.ru/fulltext/v/Bulletin_TPU/1907/v8/a3_bw.pdf  |z Черно-белая версия для предварительного просмотра 
856 4 |u http://www.lib.tpu.ru/fulltext/v/Bulletin_TPU/1907/v8/a3_full.pdf  |z Цветная версия без потери качества 
942 |c CF